В литературной галерее : дружеские шаржи и эпиграммы

Detalles Bibliográficos
Otros Autores: Смирнов С. В. (редактор), Евгеньев Б. С.
Lenguaje:ruso
Publicado: Москва, Советский писатель, 1956
Materias:
Formato: Libro
KOHA link:https://koha.lib.tpu.ru/cgi-bin/koha/opac-detail.pl?biblionumber=308648

MARC

LEADER 00000nam0a2200000 4500
001 308648
005 20231102002120.0
035 |a (RuTPU)RU\TPU\book\333969 
090 |a 308648 
100 |a 20151105d1956 m y0rusy50 ca 
101 0 |a rus 
102 |a RU 
105 |a a z 000gy 
200 1 |a В литературной галерее : дружеские шаржи и эпиграммы  |f под ред. С. В. Смирнова ; под ред. Б. С. Евгеньева 
210 |a Москва  |c Советский писатель  |d 1956 
215 |a 123 с.  |c граф. 
606 1 |a Русская литература современная  |2 stltpush  |3 (RuTPU)RU\TPU\subj\26373  |9 50316 
610 1 |a советская литература 
610 1 |a эпиграммы 
610 1 |a шаржи 
610 1 |a советские писатели 
675 |a Р2  |v 4 
702 1 |a Смирнов  |b С. В.  |4 340 
702 1 |a Евгеньев  |b Б. С.  |4 340 
801 1 |a RU  |b 63413507  |c 20151105 
801 2 |a RU  |b 63413507  |c 20210414  |g RCR 
942 |c BK